00358nam a2200133Ia 4500008004100000100004300041245003000084250001200114260004400126300000800170650002400178942000700202999001500209190216s9999||||xx |||||||||||||| ||und|| a"Liptrot. G.F, Thompson.Jj And Walker" 0aModern Physical Chemistry a1st Ed. bThe English Language Book Societyc1986 a471 aChemistry-Chemistry cBK c2593d2593